Life : The science of biology

This text aims to establish biology as a dynamic discipline - not just a collection of facts - "Life" develops students' conceptual understanding of biological processes with impeccable scholarship, a smooth narrative, experimental contexts, spectacular art and effective pedagogy. In...

Deskribapen osoa

Gorde:
Xehetasun bibliografikoak
Formatua: Liburua
Hizkuntza:Undetermined
Argitaratua: New York W.H. Freeman 2001
Gaiak:
Etiketak: Etiketa erantsi
Etiketarik gabe, Izan zaitez lehena erregistro honi etiketa jartzen!
Thư viện lưu trữ: Trung tâm Học liệu Trường Đại học Cần Thơ
LEADER 01091nam a2200193Ia 4500
001 CTU_192231
008 210402s9999 xx 000 0 und d
082 |a 570 
082 |b L693 
245 0 |a Life : 
245 4 |b The science of biology 
245 0 |c William K. Purves ... [et al.] 
260 |a New York 
260 |b W.H. Freeman 
260 |c 2001 
520 |a This text aims to establish biology as a dynamic discipline - not just a collection of facts - "Life" develops students' conceptual understanding of biological processes with impeccable scholarship, a smooth narrative, experimental contexts, spectacular art and effective pedagogy. In the streamlined new edition, the reader will find an enhanced art program - with new features that focus on the stages of key, experiments and methodology, and that further clarify complex processes. Also for this edition: a new chapter on cell signalling, expanded coverage of plant and animal diversity, and an expansive 
650 |a Biology,Sinh học 
910 |a Hải 
980 |a Trung tâm Học liệu Trường Đại học Cần Thơ